[Event "Florianopolis op 8th"]
[Site "Florianopolis"]
[Date "2022.01.25"]
[Round "2"]
[White "Bittencourt, Alica E Decezare"]
[Black "Sato, Leticia Miho"]
[Result "1-0"]
[WhiteElo "1254"]
[BlackElo "1729"]
[PlyCount "54"]
[EventDate "2022.01.24"]
[EventType "swiss"]
[EventRounds "10"]
[EventCountry "BRA"]
[SourceTitle "EXT 2023"]
[Source "ChessBase"]
[SourceDate "2022.10.05"]
[SourceVersion "1"]
[SourceVersionDate "2022.10.05"]
[SourceQuality "1"]

1. e4 e5 2. Nf3 Nf6 3. Nxe5 d6 4. Nf3 Nxe4 5. Qe2 Qe7 6. d3 Nf6 7. Bg5 Qxe2+ 8. Bxe2 Be7 9. Nc3 c6 10. 0-0-0 0-0 11. h3 Nbd7 12. g4 Re8 13. Rde1 b5 14. Nd2 Bb7 15. f4 a6 16. Bf3 d5 17. h4 Bc5 18. f5 Ne5 19. Bxf6 Nxf3 20. Nxf3 gxf6 21. d4 Bd6 22. Rd1 b4 23. Na4 c5 24. Nxc5 Bxc5 25. dxc5 d4 26. Rhe1 Rxe1 27. Nxe1 Rc8 1-0

[Event "American Continental 15th"]
[Site "Sao Paulo"]
[Date "2019.07.11"]
[Round "9"]
[White "Sato, Leticia Miho"]
[Black "Baeta, Marcio Netto"]
[Result "0-1"]
[WhiteElo "1693"]
[BlackElo "1903"]
[PlyCount "84"]
[EventDate "2019.07.05"]
[EventType "swiss"]
[EventRounds "11"]
[EventCountry "BRA"]
[SourceTitle "CBM 191 Extra"]
[Source "ChessBase"]
[SourceDate "2019.09.30"]
[SourceVersion "1"]
[SourceVersionDate "2019.09.30"]
[SourceQuality "1"]

1. d4 Nf6 2. Nf3 c5 3. c3 d5 4. Bf4 Qb6 5. Qb3 c4 6. Qxb6 axb6 7. Na3 Bd7 8. Ne5 e6 9. Nxd7 Kxd7 10. Nc2 Nc6 11. a3 Nh5 12. Bg3 Nxg3 13. hxg3 Bd6 14. e3 b5 15. Rb1 f5 16. Be2 g5 17. g4 Raf8 18. Bf3 Ne7 19. Rh6 Ng8 20. Rh5 h6 21. gxf5 exf5 22. g3 Nf6 23. Rh1 h5 24. Ke2 Rh6 25. Nb4 Ke6 26. Bg2 Rfh8 27. Rh3 R6h7 28. Rbh1 h4 29. gxh4 g4 30. Rg3 Rxh4 31. Rxh4 Rxh4 32. f4 Bxb4 33. cxb4 Nh5 34. Kf2 Nxg3 35. Kxg3 Rh7 36. Kf2 Rc7 37. Bf1 c3 38. bxc3 Rxc3 39. Bxb5 Rxa3 40. Bf1 Ra2+ 41. Kg3 Ra1 42. Bd3 Ra3 0-1

[Event "American Continental 15th"]
[Site "Sao Paulo"]
[Date "2019.07.09"]
[Round "7"]
[White "Sato, Leticia Miho"]
[Black "Caceres, Diego"]
[Result "0-1"]
[WhiteElo "1693"]
[BlackElo "2087"]
[PlyCount "52"]
[EventDate "2019.07.05"]
[EventType "swiss"]
[EventRounds "11"]
[EventCountry "BRA"]
[SourceTitle "CBM 191 Extra"]
[Source "ChessBase"]
[SourceDate "2019.09.30"]
[SourceVersion "1"]
[SourceVersionDate "2019.09.30"]
[SourceQuality "1"]

1. d4 g6 2. Nf3 Bg7 3. Bf4 d6 4. e3 Nd7 5. h3 e5 6. Bg3 Ne7 7. Bc4 0-0 8. 0-0 e4 9. Nfd2 d5 10. Bb3 c6 11. c4 Nb6 12. Nc3 Be6 13. Qe2 Qd7 14. Rac1 f5 15. cxd5 Nexd5 16. Nc4 Nxc4 17. Bxc4 Nb6 18. Bxe6+ Qxe6 19. b4 g5 20. Bh2 Rae8 21. Qh5 h6 22. Rfe1 Nd5 23. Nxd5 Qxd5 24. Rc5 Qxa2 25. Rxf5 Rxf5 26. Qxe8+ Rf8 0-1

[Event "American Continental 15th"]
[Site "Sao Paulo"]
[Date "2019.07.06"]
[Round "2"]
[White "Sato, Leticia Miho"]
[Black "Brito, Luismar Jorge"]
[Result "1-0"]
[WhiteElo "1693"]
[BlackElo "2298"]
[PlyCount "85"]
[EventDate "2019.07.05"]
[EventType "swiss"]
[EventRounds "11"]
[EventCountry "BRA"]
[SourceTitle "CBM 191 Extra"]
[Source "ChessBase"]
[SourceDate "2019.09.30"]
[SourceVersion "1"]
[SourceVersionDate "2019.09.30"]
[SourceQuality "1"]

1. d4 b6 2. Nf3 Bb7 3. Bf4 Nf6 4. e3 d6 5. h3 Nbd7 6. Nbd2 g6 7. Be2 Bg7 8. 0-0 0-0 9. c3 Qe8 10. Bg3 e5 11. dxe5 Nxe5 12. Qc2 Qe7 13. Rfd1 Nfd7 14. a4 a5 15. Nd4 Nc5 16. Bb5 h5 17. Bf4 Ne6 18. Bxe5 dxe5 19. Nc6 Bxc6 20. Bxc6 Rad8 21. Bb5 Kh7 22. Nf3 f5 23. Rxd8 Rxd8 24. Rd1 Rd6 25. Bc4 Bf6 26. Ba2 Nc5 27. Rd2 Rxd2 28. Qxd2 Nxa4 29. Qd5 Kh6 30. Qg8 Nxb2 31. Bf7 Bg7 32. Be8 h4 33. g3 hxg3 34. fxg3 Qf8 35. Qe6 Qd6 36. Qf7 Qd1+ 37. Kg2 Qe2+ 38. Kg1 Qxe3+ 39. Kg2 Qe2+ 40. Kg1 Qd1+ 41. Kg2 Qd6 42. Nh4 Nd1 43. Nxf5+ 1-0

[Event "BRA-ch U18 Girls"]
[Site "Juiz de Fora"]
[Date "2019.04.19"]
[Round "1"]
[White "Da Silva, Vitoria Aparecida V"]
[Black "Sato, Leticia Miho"]
[Result "0-1"]
[WhiteElo "1400"]
[BlackElo "1703"]
[PlyCount "73"]
[EventDate "2019.04.19"]
[EventType "tourn"]
[EventRounds "5"]
[EventCountry "BRA"]
[SourceTitle "CBM 190 Extra"]
[Source "ChessBase"]
[SourceDate "2019.07.15"]
[SourceVersion "1"]
[SourceVersionDate "2019.07.15"]
[SourceQuality "1"]

1. e4 e5 2. Nf3 Nf6 3. Nc3 Nc6 4. Bc4 Nxe4 5. Nxe4 d5 6. Bd3 dxe4 7. Bxe4 Bd6 8. h3 0-0 9. 0-0 f5 10. Bd5+ Kh8 11. d3 h6 12. Re1 Qf6 13. Nh2 Bd7 14. c3 Qg6 15. Nf3 Rae8 16. Nh4 Qf6 17. Qh5 Kh7 18. Nf3 Be6 19. Ng5+ Kh8 20. Bxe6 Rxe6 21. Nxe6 Qxe6 22. Re3 f4 23. Re4 Rf5 24. Qf3 Qf6 25. Bd2 Nd8 26. Rae1 Nf7 27. Ra4 Bc5 28. Qxb7 Rh5 29. Qxc7 Bb6 30. Qc8+ Kh7 31. Qg4 Rh4 32. Qf3 Ng5 33. Qd5 Qf5 34. Rxe5 Nxh3+ 35. gxh3 Qg6+ 36. Qg2 Qxg2+ 37. Kxg2 0-1

[Event "Florianopolis op 5th"]
[Site "Florianopolis"]
[Date "2019.01.25"]
[Round "7"]
[White "Sato, Leticia Miho"]
[Black "Barrientos, Ernesto"]
[Result "1-0"]
[WhiteElo "1613"]
[BlackElo "1925"]
[PlyCount "65"]
[EventDate "2019.01.21"]
[EventType "swiss"]
[EventRounds "10"]
[EventCountry "BRA"]
[SourceTitle "CBM 188 Extra"]
[Source "ChessBase"]
[SourceDate "2019.02.26"]
[SourceVersion "1"]
[SourceVersionDate "2019.02.26"]
[SourceQuality "1"]

1. d4 Nf6 2. Nf3 d5 3. Bf4 c5 4. e3 Nc6 5. c3 e6 6. Bd3 Nh5 7. Bg5 f6 8. Bh4 g6 9. Nbd2 Bd6 10. Qe2 0-0 11. 0-0 Qb6 12. Rab1 cxd4 13. cxd4 Nb4 14. a3 Nxd3 15. Qxd3 Bd7 16. Rfc1 g5 17. Bg3 Nxg3 18. hxg3 Bb5 19. Qb3 Qa5 20. g4 Rac8 21. e4 Bf4 22. Rxc8 Rxc8 23. exd5 Ba4 24. Qxb7 Rc7 25. Qa8+ Kg7 26. b4 Qb6 27. dxe6 Bc6 28. Qd8 Bxf3 29. e7 Bc6 30. Qf8+ Kg6 31. Qg8+ Kh6 32. Rb3 Bf3 33. Qf8+ 1-0

[Event "Caioba Telecom op"]
[Site "Caioba"]
[Date "2018.08.04"]
[Round "8"]
[White "Sato, Leticia Miho"]
[Black "Pereira, Armando Scharlau"]
[Result "1/2-1/2"]
[WhiteElo "1595"]
[BlackElo "1743"]
[PlyCount "82"]
[EventDate "2018.08.01"]
[EventType "swiss"]
[EventRounds "9"]
[EventCountry "BRA"]
[SourceTitle "CBM 186 Extra"]
[Source "ChessBase"]
[SourceDate "2018.08.24"]
[SourceVersion "1"]
[SourceVersionDate "2018.08.24"]
[SourceQuality "1"]

1. d4 d5 2. Bf4 Nf6 3. e3 c5 4. c3 cxd4 5. exd4 Qb6 6. Qb3 Nc6 7. Qxb6 axb6 8. Na3 Bg4 9. Nb5 0-0-0 10. Bd3 Ne8 11. Nf3 Bxf3 12. gxf3 e6 13. Rc1 Bd6 14. Nxd6+ Nxd6 15. 0-0 Kd7 16. Rfe1 Ra8 17. Ra1 Ra7 18. Bxd6 Kxd6 19. Bb5 Rha8 20. a4 Na5 21. Re2 Nc6 22. Rae1 Ne7 23. f4 g6 24. Rc2 Nf5 25. Rd1 Rc8 26. b3 Ke7 27. Bf1 Nd6 28. f3 Ra5 29. Rcc1 h5 30. Rd2 Rc7 31. Kf2 Ra8 32. Ke3 Rac8 33. Rdc2 Nf5+ 34. Kd2 Nh4 35. Ke3 Nf5+ 36. Kd2 Nd6 37. Bd3 Kf6 38. Ke1 Nf5 39. Ke2 Nd6 40. Kd2 Nf5 41. Ke2 Nd6 1/2-1/2

[Event "Caioba Telecom op"]
[Site "Caioba"]
[Date "2018.08.03"]
[Round "6"]
[White "Silva, Richard Santana"]
[Black "Sato, Leticia Miho"]
[Result "0-1"]
[WhiteElo "1368"]
[BlackElo "1595"]
[PlyCount "62"]
[EventDate "2018.08.01"]
[EventType "swiss"]
[EventRounds "9"]
[EventCountry "BRA"]
[SourceTitle "CBM 186 Extra"]
[Source "ChessBase"]
[SourceDate "2018.08.24"]
[SourceVersion "1"]
[SourceVersionDate "2018.08.24"]
[SourceQuality "1"]

1. e4 e5 2. Nf3 Nf6 3. Nxe5 d6 4. Nf3 Nxe4 5. d4 d5 6. Bd3 Bd6 7. h3 0-0 8. 0-0 Re8 9. c3 h6 10. Qc2 Qf6 11. Re1 Nc6 12. Nbd2 Bf5 13. Nxe4 dxe4 14. Bxe4 Rxe4 15. Rxe4 Qg6 16. Qe2 Bxe4 17. Nh4 Qe6 18. Qh5 Bg6 19. Qd1 Bc2 20. Qd2 Re8 21. Nf3 Be4 22. Ne1 Qg6 23. Qe2 Re7 24. Be3 Bf5 25. Qf3 Be4 26. Qe2 Qf6 27. Qg4 Bf5 28. Qf3 Qg6 29. c4 Re4 30. c5 Be7 31. Bf4 Nxd4 0-1

[Event "BRA-ch U16 Girls"]
[Site "Sao Paulo"]
[Date "2018.03.29"]
[Round "1"]
[White "Delavy, Jhenifer Vitoria Co"]
[Black "Sato, Leticia Miho"]
[Result "0-1"]
[WhiteElo "1472"]
[BlackElo "1630"]
[PlyCount "70"]
[EventDate "2018.03.29"]
[EventType "swiss"]
[EventRounds "6"]
[EventCountry "BRA"]
[SourceTitle "EXT 2019"]
[Source "ChessBase"]
[SourceDate "2018.10.10"]
[SourceVersion "1"]
[SourceVersionDate "2018.10.10"]
[SourceQuality "1"]

1. e4 e5 2. Nf3 Nf6 3. Nc3 Nc6 4. Bc4 Be7 5. d3 h6 6. Ne2 d6 7. c3 Bg4 8. Ng3 d5 9. Bb3 dxe4 10. dxe4 Qxd1+ 11. Bxd1 0-0 12. 0-0 Rad8 13. Be2 Rd7 14. Be3 Rfd8 15. h3 Be6 16. Bb5 Bd6 17. c4 Re8 18. Bxc6 bxc6 19. c5 Bf8 20. Nxe5 Rdd8 21. Nxc6 Ra8 22. Na5 Rab8 23. b3 Nd7 24. Nc6 Rb7 25. Rac1 a6 26. Rfd1 g5 27. Rd2 Kh7 28. b4 Nb8 29. Nxb8 Rbxb8 30. a3 Rb5 31. c6 a5 32. bxa5 Rxa5 33. Rd3 Rxa3 34. Rxa3 Bxa3 35. Bc5 Bxc1 0-1

[Event "Sao Paulo Carnaval op"]
[Site "Sao Paulo"]
[Date "2018.02.11"]
[Round "3"]
[White "Sato, Leticia Miho"]
[Black "Ishikawa, Emilio Keiji"]
[Result "1/2-1/2"]
[WhiteElo "1540"]
[BlackElo "1755"]
[PlyCount "164"]
[EventDate "2018.02.10"]
[EventType "swiss"]
[EventRounds "7"]
[EventCountry "BRA"]
[SourceTitle "CBM 183 Extra"]
[Source "ChessBase"]
[SourceDate "2018.04.19"]
[SourceVersion "1"]
[SourceVersionDate "2018.04.19"]
[SourceQuality "1"]

1. e4 g6 2. d4 Bg7 3. Nc3 c6 4. a4 d6 5. Be3 Nd7 6. Nf3 Ngf6 7. h3 Qb6 8. Rb1 a6 9. d5 Qb4 10. Qd4 c5 11. Qxb4 cxb4 12. Na2 a5 13. Bd3 0-0 14. 0-0 b6 15. Nd2 Nc5 16. b3 Ba6 17. Bxa6 Rxa6 18. f3 Raa8 19. c3 bxc3 20. Nxc3 Nh5 21. Nb5 Ng3 22. Rfd1 f5 23. Bf2 Ne2+ 24. Kf1 Nf4 25. exf5 Rxf5 26. Nc4 Rb8 27. Ne3 Rff8 28. Bh4 Rf7 29. Nc4 h6 30. Bf2 g5 31. Bd4 Bxd4 32. Rxd4 Nfd3 33. Rg4 Kh7 34. h4 Kg6 35. hxg5 h5 36. Rd4 Kxg5 37. Nc3 Ne5 38. Ne4+ Nxe4 39. Rxe4 Nd3 40. Rd4 Nc5 41. Nd2 b5 42. Ne4+ Kg6 43. axb5 Nxe4 44. Rxe4 Rxb5 45. Ra1 Rxd5 46. Ke2 Rb5 47. g4 h4 48. Kf2 Rxb3 49. f4 Rb4 50. Ke3 d5 51. Rxb4 axb4 52. Rb1 d4+ 53. Kf3 d3 54. Rxb4 h3 55. Rb1 d2 56. Ke2 h2 57. Rh1 e6 58. Kxd2 Rxf4 59. Rxh2 Rxg4 60. Rh3 e5 61. Ke2 Kf5 62. Rf3+ Ke6 63. Rh3 Kd5 64. Rd3+ Kc5 65. Ra3 Kd5 66. Rd3+ Ke6 67. Rh3 e4 68. Ra3 Kf5 69. Ra5+ Kf4 70. Ra3 Rg2+ 71. Ke1 e3 72. Ra8 Rg5 73. Ke2 Re5 74. Ra3 Re4 75. Rb3 Ra4 76. Rb8 Ra2+ 77. Ke1 Ra3 78. Ke2 Ra2+ 79. Ke1 Ra5 80. Ke2 Re5 81. Rb3 Re4 82. Ra3 Rd4 1/2-1/2

[Event "BRA-ch Amateur U1600"]
[Site "Sao Paulo"]
[Date "2017.10.12"]
[Round "1"]
[White "Fujita, Gabriela Akemi"]
[Black "Sato, Leticia Miho"]
[Result "0-1"]
[WhiteElo "1235"]
[BlackElo "1570"]
[PlyCount "64"]
[EventDate "2017.10.12"]
[EventType "swiss"]
[EventRounds "7"]
[EventCountry "BRA"]
[SourceTitle "EXT 2022"]
[Source "ChessBase"]
[SourceDate "2021.10.06"]
[SourceVersion "1"]
[SourceVersionDate "2021.10.06"]
[SourceQuality "1"]

1. e4 e5 2. Nf3 Nf6 3. Nc3 Nc6 4. d4 exd4 5. Nxd4 Bb4 6. a3 Bxc3+ 7. bxc3 Nxe4 8. Qe2 Qe7 9. Nf5 Qe5 10. Bb2 Qxf5 11. f3 d5 12. fxe4 Qxe4 13. Qxe4+ dxe4 14. c4 0-0 15. 0-0-0 Be6 16. Be2 Rad8 17. Rxd8 Rxd8 18. Rd1 Re8 19. Kb1 f5 20. Ka2 b5 21. Kb3 bxc4+ 22. Bxc4 Na5+ 23. Kb4 Nxc4 24. Bc1 c6 25. Kc5 Bd5 26. Kb4 h6 27. Rf1 Rf8 28. Re1 g5 29. h3 f4 30. Kc3 f3 31. gxf3 Rxf3+ 32. Kd4 Rxh3 0-1

[Event "BRA-ch U16 Girls"]
[Site "Itajai"]
[Date "2017.06.04"]
[Round "6"]
[White "Sato, Leticia Miho"]
[Black "Nicoladeli, Isadora Da Rocha"]
[Result "1-0"]
[WhiteElo "1556"]
[BlackElo "1364"]
[PlyCount "69"]
[EventDate "2017.06.01"]
[EventType "swiss"]
[EventRounds "6"]
[EventCountry "BRA"]
[SourceTitle "CBM 179 Extra"]
[Source "ChessBase"]
[SourceDate "2017.08.23"]
[SourceVersion "1"]
[SourceVersionDate "2017.08.23"]
[SourceQuality "1"]

1. d4 Nf6 2. Nf3 g6 3. Bf4 Bg7 4. e3 d6 5. Bc4 0-0 6. h3 a6 7. a4 c6 8. Nbd2 b5 9. axb5 cxb5 10. Bxb5 Qb6 11. Qe2 Bb7 12. Bd3 Nbd7 13. 0-0 Rfc8 14. Nc4 Qd8 15. Na5 Bxf3 16. Qxf3 Qe8 17. Qe2 e5 18. dxe5 dxe5 19. Bh2 Nc5 20. Bc4 Nfd7 21. b4 Ne4 22. Ra3 Bf8 23. Rb3 Nb8 24. Bd5 Nc3 25. Rxc3 Rxc3 26. Bxa8 Bxb4 27. Nc4 Qb5 28. Rd1 Be7 29. Bd5 Nd7 30. Qf3 Nf6 31. Nxe5 Nxd5 32. Qxf7+ Kh8 33. Nxg6+ hxg6 34. Be5+ Bf6 35. Bxf6+ 1-0

[Event "Florianopolis op 3rd"]
[Site "Florianopolis"]
[Date "2017.01.25"]
[Round "9"]
[White "Sato, Leticia Miho"]
[Black "Gomes, Carlos"]
[Result "1/2-1/2"]
[WhiteElo "1590"]
[BlackElo "1817"]
[PlyCount "177"]
[EventDate "2017.01.20"]
[EventType "swiss"]
[EventRounds "10"]
[EventCountry "BRA"]
[SourceTitle "EXT 2018"]
[Source "ChessBase"]
[SourceDate "2017.10.13"]
[SourceVersion "1"]
[SourceVersionDate "2017.10.13"]
[SourceQuality "1"]

1. d4 d5 2. Nf3 Nf6 3. Bf4 e6 4. e3 Nbd7 5. Bd3 Nh5 6. Bg5 Be7 7. Bxe7 Qxe7 8. Nbd2 Nhf6 9. c3 g6 10. Qe2 a6 11. 0-0 0-0 12. Rfe1 c5 13. Rac1 c4 14. Bb1 b5 15. b3 Nb6 16. Ne5 Bb7 17. Rc2 Qc7 18. Rec1 Nbd7 19. f4 Ne8 20. Qg4 Ng7 21. Qh3 f5 22. Ndf3 Nh5 23. Ng5 Rae8 24. g4 Nhf6 25. gxf5 exf5 26. Rg2 Nxe5 27. fxe5 Ne4 28. Bxe4 fxe4 29. Kh1 Qg7 30. Rcg1 Bc8 31. e6 Rf6 32. Qh4 Bxe6 33. Nxh7 Ref8 34. Nxf8 Kxf8 35. Qg5 Bf5 36. Qf4 Qf7 37. Qb8+ Kg7 38. Qe5 Kh7 39. Rg5 Bh3 40. Qg3 Bf5 41. Qh4+ Kg8 42. Rh5 Qg7 43. Rh6 Rf7 44. Qd8+ Qf8 45. Qxf8+ Rxf8 46. Rh4 Kg7 47. Rf4 Kf6 48. h4 Rh8 49. Kg2 Rh5 50. Rh1 Ke6 51. Rff1 Rh8 52. Kg3 Rh5 53. Rfg1 Rh7 54. bxc4 dxc4 55. Rd1 Kd5 56. Rh2 Rh5 57. Kg2 Ke6 58. Rdh1 Kd5 59. Rg1 Rh6 60. Kf2 Ke6 61. Rg5 Kf6 62. Kg3 Rh7 63. Kf2 Rh6 64. Ke2 Rh7 65. Kd2 Rh6 66. Rg1 Rh7 67. Kc2 Ke6 68. Kb2 Kd5 69. Rg5 Ke6 70. Rg1 a5 71. Rb1 Kd5 72. Kc2 Kc6 73. d5+ Kc5 74. Kc1 b4 75. Kc2 Rd7 76. h5 Rxd5 77. hxg6 Bxg6 78. Rh8 Rh5 79. cxb4+ axb4 80. Rc8+ Kd6 81. Rxc4 Rh2+ 82. Kc1 Rxa2 83. Rcxb4 Ke6 84. Rb6+ Kf7 85. Rc6 Ra7 86. Rbb6 Bh5 87. Rf6+ Kg7 88. Rfe6 Bf3 89. Rg6+ 1/2-1/2

[Event "Florianopolis op 3rd"]
[Site "Florianopolis"]
[Date "2017.01.21"]
[Round "3"]
[White "Sato, Leticia Miho"]
[Black "Carvalho, Herbert Abreu"]
[Result "0-1"]
[WhiteElo "1590"]
[BlackElo "2151"]
[PlyCount "25"]
[EventDate "2017.01.20"]
[EventType "swiss"]
[EventRounds "10"]
[EventCountry "BRA"]
[SourceTitle "CBM 176 Extra"]
[Source "ChessBase"]
[SourceDate "2017.03.02"]
[SourceVersion "1"]
[SourceVersionDate "2017.03.02"]
[SourceQuality "1"]

1. d4 Nf6 2. Nf3 g6 3. Bf4 Bg7 4. e3 0-0 5. h3 d6 6. Bc4 Nc6 7. c3 Qe8 8. 0-0 e5 9. Bh2 e4 10. Ne1 d5 11. Be2 Be6 12. Nd2 Bd7 13. c4 0-1

[Event "Brasilia Terraviva op"]
[Site "Brasilia"]
[Date "2017.01.06"]
[Round "1"]
[White "Abreu Santos, Eudismar"]
[Black "Sato, Leticia Miho"]
[Result "1-0"]
[WhiteElo "2107"]
[BlackElo "1590"]
[PlyCount "83"]
[EventDate "2017.01.06"]
[EventType "swiss"]
[EventRounds "6"]
[EventCountry "BRA"]
[SourceTitle "CBM 176 Extra"]
[Source "ChessBase"]
[SourceDate "2017.03.02"]
[SourceVersion "1"]
[SourceVersionDate "2017.03.02"]
[SourceQuality "1"]

1. e4 e5 2. Nf3 Nf6 3. d3 Nc6 4. g3 h6 5. Bg2 Be7 6. 0-0 d6 7. c3 0-0 8. Nbd2 d5 9. exd5 Nxd5 10. Nc4 Bf6 11. Re1 Re8 12. Nfd2 Nb6 13. Qe2 Nxc4 14. dxc4 g6 15. Ne4 Bg7 16. Be3 Bf5 17. g4 Bxe4 18. Bxe4 Qf6 19. Kg2 a6 20. h4 Qe7 21. Qf3 Qf6 22. Qxf6 Bxf6 23. Bxh6 Rad8 24. Rh1 Re6 25. Be3 Bg7 26. h5 gxh5 27. Rxh5 b6 28. Bg5 Rdd6 29. Bh7+ Kf8 30. Rah1 Ne7 31. Bf5 Nxf5 32. gxf5 Re8 33. Rh8+ Bxh8 34. Rxh8+ Kg7 35. Rxe8 Rc6 36. f6+ Kg6 37. Rxe5 Rxc4 38. f4 a5 39. Kf3 a4 40. a3 b5 41. Ke3 c5 42. Kd3 1-0